Penilaian pertjobaan nikotinamida untuk mendiferensiasikan antara kuman tuberkulosis djenis human dan mycobacterium djenis lain-lain = (Record no. 87527)
[ view plain ]
| 000 -LEADER | |
|---|---|
| fixed length control field | 01177cam a22003011a 4500 |
| 001 - CONTROL NUMBER | |
| control field | sa 68017123 |
| 003 - CONTROL NUMBER IDENTIFIER | |
| control field | DLC |
| 005 - DATE AND TIME OF LATEST TRANSACTION | |
| control field | 20260227112700.0 |
| 008 - FIXED-LENGTH DATA ELEMENTS--GENERAL INFORMATION | |
| fixed length control field | 810415s1965 io a b 000 0 ind |
| 010 ## - LIBRARY OF CONGRESS CONTROL NUMBER | |
| LC control number | sa 68017123 |
| 035 ## - SYSTEM CONTROL NUMBER | |
| System control number | (OCoLC)7337371 |
| 040 ## - CATALOGING SOURCE | |
| Original cataloging agency | DLC |
| Transcribing agency | OAU |
| Modifying agency | DLC |
| 041 0# - LANGUAGE CODE | |
| Language code of text/sound track or separate title | indeng |
| 042 ## - AUTHENTICATION CODE | |
| Authentication code | premarc |
| 050 00 - LIBRARY OF CONGRESS CALL NUMBER | |
| Classification number | QR201.T6 |
| Item number | T46 |
| 100 1# - MAIN ENTRY--PERSONAL NAME | |
| Personal name | The, Kie Seng. |
| 245 10 - TITLE STATEMENT | |
| Title | Penilaian pertjobaan nikotinamida untuk mendiferensiasikan antara kuman tuberkulosis djenis human dan mycobacterium djenis lain-lain = |
| Remainder of title | Evaluation of the nicotinamide test for the differentiation of human tubercle bacilli from other types of mycobacteria / |
| Statement of responsibility, etc. | oleh The Kie Seng. |
| 260 ## - PUBLICATION, DISTRIBUTION, ETC. | |
| Place of publication, distribution, etc. | [Djakarta : |
| Name of publisher, distributor, etc. | The Kie Seng ; |
| Date of publication, distribution, etc. | 1965.] |
| 300 ## - PHYSICAL DESCRIPTION | |
| Extent | 153 p. : |
| Other physical details | ill. ; |
| Dimensions | 27 cm. |
| 500 ## - GENERAL NOTE | |
| General note | Thesis - Universitas Indonesia. |
| 500 ## - GENERAL NOTE | |
| General note | In Indonesian with summary in English. |
| 504 ## - BIBLIOGRAPHY, ETC. NOTE | |
| Bibliography, etc. note | Bibliography: p. 134-153. |
| 650 #0 - SUBJECT ADDED ENTRY--TOPICAL TERM | |
| Topical term or geographic name entry element | Tuberculosis. |
| 650 #0 - SUBJECT ADDED ENTRY--TOPICAL TERM | |
| Topical term or geographic name entry element | Nicotinamide. |
| 650 #0 - SUBJECT ADDED ENTRY--TOPICAL TERM | |
| Topical term or geographic name entry element | Bacteriology |
| General subdivision | Technique. |
| 650 #0 - SUBJECT ADDED ENTRY--TOPICAL TERM | |
| Topical term or geographic name entry element | Mycobacterium. |
| 740 0# - ADDED ENTRY--UNCONTROLLED RELATED/ANALYTICAL TITLE | |
| Uncontrolled related/analytical title | Evaluation of the nicotinamide test for the differentiation of human tubercle baccilli from other types of mycobacterium. |
No items available.